00371nam a2200133Ia 4500003000400000005001700004008004100021040000900062082002100071100001600092245006200108260005800170300000900228OSt20200622125347.0190216s9999||||xx |||||||||||||| ||und|| coclc a954.02072bNIZ/H aNizami, K A 0aOn History And Historians Of Medieval India /cK A Nizami bMunshiram Manoharlal Pub Pvt Ltd,c1983.aNew Delhi: a267p